Slovenská literatúra po roku 1945

Bibliographic Details
Main Author: Žilka, Tibor, 1939- (Author)
Format: Article
Language:Slovak
Subjects:

MARC

LEADER 00000nab a2200000 a 4500
001 vtls000344773
003 SK-MaSNL
005 20260304180928.0
008 230223c1989 xo 0 slo
015 |a SNBRB19rr/mm-uuuuu 
035 |a CL0344895 
035 |a urn:nbn:sk:snk-ab8fx 
035 |a (urnnbn)urn:nbn:sk:snk:ar-a04xrf 
035 |a (uuid)8648a055-1c70-41f4-bbad-d9903a10316f 
040 |a SNKBUCL  |b slo  |c SNKBUCL  |e AACR2 
041 0 |a slo 
044 |a xo  |c SK 
080 |a 82(091):885.4"19"(075.8)(048)  |2 1981 
080 |a 885.4"19"(075.8)(048)  |2 1981 
080 |a 885.4(091)"19"(075.8)(048)  |2 1981 
100 1 |a Žilka, Tibor,  |d 1939-  |4 aut  |9 100527 
245 1 0 |a Slovenská literatúra po roku 1945  |c Tibor Žilka 
500 |a V rubrike Informácie. 
650 0 7 |a slovenská literatúra  |2 snkbucl  |9 1115 
655 7 |a články z novín a časopisov  |2 snkbucl  |9 267496 
655 7 |a články z odboru literárna veda a krásna literatúra  |2 snkbucl  |9 770045 
773 0 |t Slovenský jazyk a literatúra v škole  |g Roč. 35, č. 3 (1988/1989), s. 91-93 
787 0 8 |i Rec.:  |t Dejiny slovenskej literatúry 4. Slovenská literatúra po roku 1945  |d Bratislava : SPN, 1987 
850 |a Slovenská národná knižnica v Martine  |a MTA001 
852 |a SNK  |b KIS3GCP 
954 |a odborná, vedecká literatúra pôvodná (slovenská)  |2 lita 
958 |a RK 
958 |a LX 
958 |a OND 
958 |a EUIPO 
958 |a article27 
992 |a RBX 
999 |c 3020724  |d 3022654